书目信息 |
| 题名: |
数字档案馆项目风险管理引论
|
|
| 作者: | 颜祥林 | |
| 分册: | ||
| 出版信息: | 上海 上海世界图书出版公司 2016.04 |
|
| 页数: | 240页 | |
| 开本: | 20cm | |
| 丛书名: | ||
| 单 册: | ||
| 中图分类: | G270.7 | |
| 科图分类: | ||
| 主题词: | 档案学 , 档案工作 | |
| 电子资源: | ||
| ISBN: | 7-5192-0556-8 | |
| 000 | 00686nam0 2200217 450 | |
| 001 | 2981 | |
| 005 | 20161207150418.29 | |
| 010 | @a7-5192-0556-8@dCNY45.00 | |
| 100 | @a20150811d2016 km y0chiy0120 ea | |
| 101 | 0 | @achi |
| 102 | @aCN@b310000 | |
| 200 | 1 | @a数字档案馆项目风险管理引论@Ashu zi dang an guan xiang mu feng xian guan li yin lun@f颜祥林@Fyan xiang lin |
| 210 | @a上海@c上海世界图书出版公司@d2016.04 | |
| 215 | @a240页@d20cm | |
| 330 | @a数字技术·应用·档案馆·项目管理·风险管理·研究 | |
| 606 | 0 | @a档案学 |
| 606 | 0 | @a档案工作 |
| 690 | @aG270.7@v4 | |
| 701 | 0 | @a颜祥林@Ayan xiang lin |
| 801 | 0 | @aCN@b大连网信软件有限公司图书馆·11@c20161207 |
| 905 | @aZUCC@dG270.7@e82 | |
| 数字档案馆项目风险管理引论/颜祥林.-上海:上海世界图书出版公司,2016.04 |
| 240页;20cm |
| ISBN 7-5192-0556-8:CNY45.00 |
| 数字技术·应用·档案馆·项目管理·风险管理·研究 |
| ● |
| 相关链接 |
|
|
|
|
正题名:数字档案馆项目风险管理引论
索取号:G270.7/82
 
预约/预借
| 序号 | 登录号 | 条形码 | 馆藏地/架位号 | 状态 | 备注 |
| 1 | 912347 | 209123474 | 第一样本阅览室/ [索取号:G270.7/82] | 在馆 | |
| 2 | 912348 | 209123483 | 第四借阅区/ [索取号:G270.7/82] | 在馆 | |
| 3 | 912349 | 209123492 | 第四借阅区/ [索取号:G270.7/82] | 在馆 | |
| 4 | 912350 | 209123508 | 第四借阅区/ [索取号:G270.7/82] | 在馆 |